| 000 | 00834nam a2200289Ia 4500 | ||
|---|---|---|---|
| 003 | OSt | ||
| 005 | 20221006142545.0 | ||
| 006 | a|||||r|||| 00| 0 | ||
| 007 | ta | ||
| 008 | 221006b |||||||| |||| 00| 0 eng d | ||
| 020 | _c716.10 | ||
| 024 | _a6,588 | ||
| 037 | _cTextual | ||
| 040 |
_aEASL _cEASL _beng |
||
| 041 |
_2eng _aeng |
||
| 082 | _aY:356.41.N85, M7 | ||
| 100 |
_aZhang Xinxin _9647926 |
||
| 245 | 0 |
_aChinese lives _b An oral history of contemporary China |
|
| 260 |
_aLondon _bMacmillan _c1987 |
||
| 300 |
_a367p. _ccm. |
||
| 490 | _v CEL | ||
| 700 |
_a Davin Delia Ed. _915857 |
||
| 700 |
_a Jenner W. J. F. Ed. _966022 |
||
| 700 |
_a Sang Ye _9647927 |
||
| 942 |
_hY:356.41.N85, M7 _cTEXL _2CC |
||
| 999 |
_c1074674 _d1074674 |
||